Symposium Internacional sobre Pseudoartrosis (Record no. 149138)

MARC details
000 -LEADER
campo de control de longitud fija 00751nam a2200181 4500
001 - NÚMERO DE CONTROL
campo de control 149138
003 - IDENTIFICADOR DE NÚMERO DE CONTROL
campo de control ES-MaACL
007 - CAMPO FIJO DE DESCRIPCIÓN FÍSICA--INFORMACIÓN GENERAL
campo de control de longitud fija t|
008 - DATOS DE LONGITUD FIJA--INFORMACIÓN GENERAL
campo de control de longitud fija 070214s1975 sp r ||||1| spa d
111 2# - ENTRADA PRINCIPAL--NOMBRE DE CONGRESO/REUNIÓN
Nombre de congreso/reunión o jurisdicción como elemento de entrada Simposio Internacional sobre Pseudoartrosis (
Sede del congreso/Lugar de la reunión Madrid (
Fecha del congreso o de la firma del tratado 1974) (
Número del congreso/reunión o número de parte o sección . 1º)
9 (RLIN) 221429
245 10 - MENCIÓN DEL TÍTULO
Título Symposium Internacional sobre Pseudoartrosis
Resto del título : Centro de Rehabilitación Mapfre, Servicio de Traumatología : Madrid [14 y 15 de febrero] 1974 /
Mención de responsabilidad, etc. director, Dr. P. Guillén García.
260 ## - PUBLICACIÓN, DISTRIBUCIÓN, ETC.
Lugar de publicación, distribución, etc. Madrid :
Nombre del editor, distribuidor, etc. Liade,
Fecha de publicación, distribución, etc. 1975 (
Fabricante Orión)
300 ## - DESCRIPCIÓN FÍSICA
Extensión 301 p., 11 lám. :
Otras características físicas il. ;
Dimensiones 24 cm.
700 1# - ENTRADA AGREGADA--NOMBRE PERSONAL
Nombre de persona Guillén García, P.
9 (RLIN) 187543
710 2# - ENTRADA AGREGADA--NOMBRE DE ENTIDAD CORPORATIVA
Nombre de entidad corporativa o nombre de jurisdicción como elemento de entrada Centro de Rehabilitación Mapfre
9 (RLIN) 2724
852 ## - LOCALIZACIÓN
Ubicación ES-MaACL
Número de control de estantería E-8119
Sublocalización o colección R.92336
Holdings
Estatus retirado Estado de pérdida Estado de daño No para préstamo Biblioteca de origen Biblioteca actual Ubicación en estantería Fecha de adquisición Fuente de adquisición Total de préstamos Signatura topográfica completa Código de barras Visto por última vez Precio de reemplazo Tipo de ítem Koha
        Biblioteca del Ateneo de Madrid Biblioteca del Ateneo de Madrid Depósito 2 17/01/2008     E-8119 1155628 23/02/2023 23/02/2023 Libro impreso